000 00756nam a2200217 4500
001 113011
003 ES-MaACL
005 20251212171854.0
007 t|
008 061121s1963 sp r ||||1| spa d
245 0 0 _aMusika ixilla = Música callada /
_cLas mejores poesías de Fray Luis de León y San Juan de la Cruz, en castellano y vaso con un trabajo póstumo de Orixe.
260 _aSan Sebastián :
_bAuñamendi,
_c1963.
300 _a258 p. ;
_c22 cm.
490 1 _aColección Azcue
700 1 _aLeón, Luis de,
_d1527-1591
_971583
700 0 _aJuan de la Cruz,
_cSanto,
_d1542-1591
_967110
700 1 _aOrixe.
_987271
830 0 _aColección Azcue
_9233165
852 _aES-MaACL
_jE-2493
_bR.55023
999 _c113011
_d113011